Most popular producing countries - Statistics

General Stats
  • This quiz has been taken 108 times
    55 since last reset
  • The average score is 20 of 24
Answer Stats
Rank Answer % Correct
7 Italy
96%
4 United Kingdom
96%
10 USA
96%
20 Spain
94%
9 France
92%
6 Canada
90%
5 Sweden
90%
1 Germany
88%
8 Japan
88%
13 Netherlands
88%
12 Norway
88%
2 Switzerland
88%
16 Denmark
86%
23 Portugal
84%
18 Belgium
82%
11 Finland
82%
14 Australia
80%
17 Austria
80%
25 Greece
80%
21 South Korea
80%
24 Poland
78%
19 Ireland
68%
15 New Zealand
68%
22 Singapore
66%
No matching quizzes found
Score Distribution
Percent of People with Each Score
Percentile by Number Answered
Your Score History
You have not taken this quiz since the last reset